Whither capital values? (Record no. 5438)

MARC details
000 -LEADER
fixed length control field 00911cab a2200205 4500
001 - CONTROL NUMBER
control field ABS38110
008 - FIXED-LENGTH DATA ELEMENTS--GENERAL INFORMATION
fixed length control field 090401t1987 xxu||||| |||| 00| 0 eng d
035 ## - SYSTEM CONTROL NUMBER
System control number (Sirsi) u8772
041 ## - LANGUAGE CODE
Language code of text/sound track or separate title eng
100 ## - MAIN ENTRY--PERSONAL NAME
Personal name Bowie, N.
245 ## - TITLE STATEMENT
Title Whither capital values?
260 ## - PUBLICATION, DISTRIBUTION, ETC.
Date of publication, distribution, etc. 1987
350 ## - PRICE (NR) (BK AM CF MU VM SE) [OBSOLETE]
Price 0
490 ## - SERIES STATEMENT
Series statement Estates Gazette
Volume/sequential designation 283(6346) 8 August 1987, 638(1)
520 ## - SUMMARY, ETC.
Summary, etc. Three new property investment vehicles Property Income Certificates ( PINCs ), Single Asset Property Companies ( SAPCOs ) and Single Property Owned Trusts ( SPOTs ) are expected to be launched in 1987. Also established unauthorised property unit trusts may seek to become authorised and open to all. This article analyses whether capital values of investment properties will be affected adversely or otherwise by these developments.
650 ## - SUBJECT ADDED ENTRY--TOPICAL TERM
Topical term or geographic name entry element UNITISATION
690 ## - LOCAL SUBJECT ADDED ENTRY--TOPICAL TERM (OCLC, RLIN)
Topical term or geographic name as entry element PROPERTY LAW AND PRACTICE
942 ## - ADDED ENTRY ELEMENTS (KOHA)
Suppress in OPAC 0
948 ## - LOCAL PROCESSING INFORMATION (OCLC); SERIES PART DESIGNATOR (RLIN)
c (OCLC) 04/03/1997
Holdings
Withdrawn status Lost status Source of classification or shelving scheme Damaged status Not for loan Home library Current library Shelving location Date acquired Total Checkouts Full call number Barcode Date last seen Copy number Price effective from Koha item type
    Dewey Decimal Classification     London London Journal article 14/09/1999   ABS38110 8772-1001 06/08/2019 1 06/08/2019 Journal article